Les 20 plus grandes villes du monde ! - Statistiques

Statistiques générales
  • Ce quiz a été pris 2 129 fois
  • Le résultat moyen est 13 sur 20
Statistiques - réponses
Classement Pays Villes % Correct
1 Japon Tokyo
99%
5 Etats-Unis New York
96%
10 Chine Pékin
93%
11 Mexique Mexico
91%
20 Russie Moscou
91%
14 Egypte Le Caire
88%
7 Corée du Sud Séoul
85%
16 Etats-Unis Los Angeles
82%
3 Philippines Manille
73%
15 Thailande Bangkok
72%
12 Brésil São Paulo
72%
8 Inde Bombay
63%
4 Chine Shanghaï
63%
6 Nigéria Lagos
57%
18 Inde Calcutta
51%
9 Inde Delhi
46%
2 Pakistan Karachi
42%
13 Indonésie Djakarta
29%
19 Chine Chongqing
7%
17 Japon Osaka-Kyoto-Kobé
4%
Aucun quiz correspondant
Distribution des résultats
% des personnes avec chaque résultat
Percentile par nombre de réponses
Votre historique - résultats
Vous n’avez pas pris ce quiz